000 00645cam a2200229 4500
001 ABS63545
008 000000n2001 000 0 eng u
035 _a(Sirsi) u110983
245 _aRegional survey: Sussex
260 _c2001
490 _aProperty Week
_v66(6) 9 February 2001, 53-74(9)
590 _aABS
650 _aBRIGHTON
650 _aCRAWLEY
650 _aGATWICK
650 _aBURGESS HILL
650 _aSOUTH DOWNS
650 _aHORSHAM
650 _aPROPERTY-COMMERCIAL PROPERTY-RETAIL PROPERTY-RETAIL PROPERTY MARKET
650 _aPROPERTY-COMMERCIAL PROPERTY-OFFICE PROPERTY-OFFICE PROPERTY MARKET
942 _n0
999 _c66146
_d66146